| 000 | 00804nac a22002171u 4500 | ||
|---|---|---|---|
| 020 | _a1841120197 | ||
| 082 |
_a658.8343 _bWOO |
||
| 090 |
_c6664 _d6664 |
||
| 100 | _aWood, Jennifer. | ||
| 245 |
_aEverything you want : _b re-inventing consumers, brands & communications / _c Jennifer Wood and Barney Allan. |
||
| 260 |
_aOxford : _b Capstone, 2003. _c2003 |
||
| 300 |
_a182 p. : _bill. ; _c 24 cm. |
||
| 500 | _adistributer: Al-Ahram | ||
| 504 | _aIncludes bibliographical references and index. | ||
| 511 | _acatalogued by: wessam | ||
| 650 | _aConsumer satisfaction. | ||
| 650 | _aBrand loyalty. | ||
| 700 | _aAllan, Barney | ||
| 942 |
_cBB _k658.8343 WOO |
||
| 999 |
_c6664 _d6664 |
||